Counting at the zoo : (Record no. 9262)

MARC details
000 -LEADER
fixed length control field 00991nam a22002777a 4500
001 - CONTROL NUMBER
control field 9262
003 - CONTROL NUMBER IDENTIFIER
control field FISKH
005 - DATE AND TIME OF LATEST TRANSACTION
control field 20251205161922.0
008 - FIXED-LENGTH DATA ELEMENTS--GENERAL INFORMATION
fixed length control field 251205b cb ||||| |||| 00| 0 eng d
020 ## - INTERNATIONAL STANDARD BOOK NUMBER
International Standard Book Number 9780823989096
040 ## - CATALOGING SOURCE
Original cataloging agency FISKH
Language of cataloging eng
Transcribing agency FISKH
Modifying agency FISKH
050 ## - LIBRARY OF CONGRESS CALL NUMBER
Classification number QL77.5 .C455
082 ## - DEWEY DECIMAL CLASSIFICATION NUMBER
Classification number 510
100 ## - MAIN ENTRY--PERSONAL NAME
Personal name Chilek, Laurie
245 ## - TITLE STATEMENT
Title Counting at the zoo :
Remainder of title Learning to add 1 to one-digit numbers /
Statement of responsibility, etc. Laurie Chilek
250 ## - EDITION STATEMENT
Edition statement This edition published in 2010
260 ## - PUBLICATION, DISTRIBUTION, ETC.
Place of publication, distribution, etc. New York :
Name of publisher, distributor, etc. Rosen Classroom,
Date of publication, distribution, etc. 2004
300 ## - PHYSICAL DESCRIPTION
Extent 8 pages :
Other physical details color illustrations ;
Dimensions 22 cm
505 ## - FORMATTED CONTENTS NOTE
Formatted contents note C<br/>
520 ## - SUMMARY, ETC.
Summary, etc. Nothing beats a day at the zoo--but it can also be an opportunity to learn some basic math concepts. This eBook uses annotated photographs and clear text to teach readers how to add one to many one-digit numbers.C
521 8# - TARGET AUDIENCE NOTE
Target audience note 60<br/>
Source Lexile<br/>
521 8# - TARGET AUDIENCE NOTE
Target audience note C<br/>
Source Raz-Plus<br/>
650 ## - SUBJECT ADDED ENTRY--TOPICAL TERM
Topical term or geographic name entry element Addition
Form subdivision Non-fiction
General subdivision Math-Counting
942 ## - ADDED ENTRY ELEMENTS (KOHA)
Source of classification or shelving scheme Dewey Decimal Classification
Koha item type Books
Suppress in OPAC No
Holdings
Withdrawn status Lost status Source of classification or shelving scheme Damaged status Not for loan Collection Home library Current library Shelving location Date acquired Total Checkouts Full call number Barcode Date last seen Copy number Price effective from Koha item type
    Dewey Decimal Classification     Non-Fiction Footprints International School Library Network Toul Tom Poung Campus Footprints International School Library Network Toul Tom Poung Campus TTP Primary Green Bookshelves 12/05/2025   CHI 510 QL77.5 .C455 FISTK02299 12/05/2025 1 12/05/2025 Books